000 00893nam a2200289 i 4500
001 bg
100 1 _aJones, James
_d(1921-1977).
245 1 0 _aStąd do wieczności /
_cJames Jones ; przekł. Bronisław Zieliński.
246 1 _iTyt. oryg.:
_aFrom here to eternity
260 _aKraków :
_b"Mediasat Poland",
_c[2005].
300 _a701, [1] s. ;
_c22 cm.
490 1 _aKolekcja Gazety Wyborczej : XX wiek ;
_v35
500 _aTyt. oryg.: "From here to eternity" 1952.
650 9 _aPowieść amerykańska
_y20 w.
700 1 _aZieliński, Bronisław
_d(1914-1985).
_eTł.
830 0 _aKolekcja Gazety Wyborczej ;
_v35
020 _a8389651831
020 _a8497898745
040 _cBPK
041 1 _apol
_heng
044 _aPOL
080 _a821.111(73)-3
920 _a83-89651-83-1
920 _a84-9789-874-5
942 _cKS
008 s pl f |000 0 pol
999 _c55672
_d55672
856 _uhttp://koha.tu.koszalin.pl/cgi-bin/koha/opac-detail.pl?biblionumber=55672
_yKatalog online BPK